Masonary walls and beam-and-block floors (Record no. 107557)
[ view plain ]
| 000 -LEADER | |
|---|---|
| fixed length control field | 00345cam a22001455a 4500 |
| 001 - CONTROL NUMBER | |
| control field | L140868 |
| 008 - FIXED-LENGTH DATA ELEMENTS--GENERAL INFORMATION | |
| fixed length control field | 071016s2007 xxk f 000 0 eng d |
| 035 ## - SYSTEM CONTROL NUMBER | |
| System control number | (Sirsi) u140868 |
| 041 0# - LANGUAGE CODE | |
| Language code of text/sound track or separate title | eng |
| 100 1# - MAIN ENTRY--PERSONAL NAME | |
| Personal name | Doran, Sean |
| 245 00 - TITLE STATEMENT | |
| Title | Masonary walls and beam-and-block floors |
| 260 ## - PUBLICATION, DISTRIBUTION, ETC. | |
| Name of publisher, distributor, etc. | BRE |
| Date of publication, distribution, etc. | 2007 |
| 651 #4 - SUBJECT ADDED ENTRY--GEOGRAPHIC NAME | |
| Geographic name | ENGLAND AND WALES |
| 942 ## - ADDED ENTRY ELEMENTS (KOHA) | |
| Suppress in OPAC | 0 |
No items available.